Apuntes de derecho procesal penal. El ministerio público y el proceso penal oral

Αποθηκεύτηκε σε:
Λεπτομέρειες βιβλιογραφικής εγγραφής
Κύριοι συγγραφείς: Oberg Yáñez, Héctor (autor), Cortez Matcovich, Gonzalo (Συγγραφέας), Váldes Hueche, Remberto (Συγγραφέας), Sandaña Jeno, Lorena (Συγγραφέας)
Άλλοι συγγραφείς: Manso Villalón, Macarena Victoria (autora), Salas Vivaldi, Julio Enrique (autor)
Μορφή: Βιβλίο
Γλώσσα:Ισπανικά
Έκδοση: Santiago LexisNexis 2007
Έκδοση:5a. ed
Σειρά:Colección Manuales
Θέματα:
Ετικέτες: Προσθήκη ετικέτας
Δεν υπάρχουν, Καταχωρήστε ετικέτα πρώτοι!

MARC

LEADER 00000nam a2200000 a 4500
001 UCI0465
003 CL-VaPUC
008 070511e20070000CL |||||||||||||||||spa|d
020 |a 9562382775 
082 0 4 |a 345  |b OBE  |2 21 
100 |a Oberg Yáñez, Héctor  |e autor  |9 539071 
700 |a Manso Villalón, Macarena Victoria  |e autora  |9 779328 
700 |a Salas Vivaldi, Julio Enrique  |e autor  |9 502425 
700 0 |a Cortez Matcovich, Gonzalo  |e author  |9 520607 
700 0 |a Váldes Hueche, Remberto  |e author  |9 520608 
700 0 |a Sandaña Jeno, Lorena  |e author  |9 520609 
245 1 0 |a Apuntes de derecho procesal penal. El ministerio público y el proceso penal oral 
250 |a 5a. ed 
300 |a 285 p 
942 |c BK 
945 |d 20070511 00:00:00  |a jtorresc 
260 |a Santiago  |b LexisNexis  |c 2007 
650 7 |a DERECHO PENAL  |2 CL-VaPUC  |9 11 
650 0 |a Procedimiento penal  |9 254974 
650 0 |a Procedimiento criminal  |9 519247 
650 0 |a Ministerio público  |9 332891 
583 |a last modification  |c 20130305 11:15:04  |k Rodrigo Vera 
490 0 |a Colección Manuales 
999 |c 325618  |d 325616 
952 |0 0  |1 0  |4 0  |6 345_000000000000000_OBE_2007  |7 0  |8 A  |9 406668  |a BIBDER  |b BIBDER  |d 2019-11-22  |i 4338340  |l 1  |o 345 OBE 2007  |p 4338340  |r 2023-01-25  |s 2022-10-25  |w 2019-11-22  |y BK  |k DER